Medios de comunicación: desafios y potencialidades ante el nuevo paradigma educativo
Guardat en:
| Autors principals: | , , |
|---|---|
| Altres autors: | |
| Format: | Llibre |
| Idioma: | espanyol |
| Publicat: |
Ciudad de México
Unesco
1999
|
| Col·lecció: | Serie Educación para la Vida, 3
|
| Matèries: | |
| Etiquetes: |
Afegir etiqueta
Sense etiquetes, Sigues el primer a etiquetar aquest registre!
|
MARC
| LEADER | 00000nam a2200000 a 4500 | ||
|---|---|---|---|
| 001 | UCP6152 | ||
| 003 | CL-VaPUC | ||
| 008 | 991015e19990000MX |||||||||||||||||spa|d | ||
| 082 | 0 | 4 | |a 371.394 |b KEL |2 21 |
| 100 | 0 | |a Kelley, Guillermo |e author |9 435034 | |
| 700 | 0 | |a Scott, Diane |e author |9 435035 | |
| 700 | |a Mena, Marta |e autora |9 557082 | ||
| 700 | 0 | |a Márquez, Ana Laura |e author |9 435037 | |
| 245 | 1 | 0 | |a Medios de comunicación: desafios y potencialidades ante el nuevo paradigma educativo |
| 300 | |a 32 p | ||
| 942 | |c BK | ||
| 945 | |d 19991015 00:00:00 |a rbrito | ||
| 260 | |a Ciudad de México |b Unesco |c 1999 | ||
| 650 | 0 | |a Educación a distancia |9 308343 | |
| 650 | 0 | |a Métodos de enseñanza |9 270413 | |
| 650 | 0 | |a Medios de comunicación de masas |9 257273 | |
| 650 | 0 | |a Comunicación |9 257251 | |
| 583 | |a last modification |c 19991015 00:00:00 |k Rodrigo Vera | ||
| 490 | 0 | |a Serie Educación para la Vida, 3 | |
| 999 | |c 283767 |d 283765 | ||
| 952 | |0 0 |1 0 |4 0 |6 371_394000000000000_KEL_1999 |7 0 |8 P |9 327211 |a BIBEDU |b BIBEDU |c BIBEDU_PB |d 2019-11-20 |i 3570134 |o 371.394 KEL 1999 |p 3570134 |r 2024-01-25 |w 2019-11-20 |y BK |k EDU | ||